Córdoba CF Squad 2025-2026 - Statistics

General Stats
  • This quiz has been taken 24 times
    8 since last reset
  • The average score is 24 of 30
Answer Stats
# Position Nation Player % Correct
17 FW Portugal Adilson
100%
18 FW Spain Adrián Fuentes
100%
13 GK Spain Carlos Marín
100%
23 FW Spain Cristian Carracedo
100%
1 GK Andorra Iker Álvarez
100%
8 MF Spain Isma Ruiz
100%
- Coach Spain Iván Ania
100%
10 FW Spain Jacobo González
100%
9 FW Russia Nikolay Obolskiy
100%
16 DF Spain Rubén Alves
100%
7 MF France Théo Zidane
100%
21 DF Spain Carlos Albarrán
83%
19 MF Spain Dalisson de Almeida
83%
30 MF Spain Dani Requena
83%
5 FW Spain Diego Bri
83%
12 DF Cameroon Franck Fomeyem
83%
2 DF Spain Ignasi Vilarrasa
83%
11 FW Spain Kevin Medina
83%
14 FW Spain Sergi Guardiola
83%
15 DF Spain Xavi Sintes
83%
4 DF Spain Álex Martín
67%
6 FW Spain Diego Percan
67%
25 MF Spain Mikel Goti
67%
22 DF Spain Trilli
67%
20 MF Spain Alberto del Moral
50%
22 DF Spain Carlos Isaac
50%
28 MF Spain Jan Salas
50%
3 DF Spain Juan María Alcedo
50%
24 MF Spain Pedro Ortiz
50%
33 DF Bolivia Marcelo Timorán
33%
No matching quizzes found
Score Distribution
Percent of People with Each Score
Percentile by Number Answered
Your Score History
You have not taken this quiz since the last reset